Justicia restaurativa y terapéutica: hacia innovadores modelos de justicia
Guardat en:
| Autors principals: | , , , , |
|---|---|
| Format: | Llibre |
| Idioma: | espanyol |
| Publicat: |
Valencia
Tirant Lo Blanch
2017
|
| Edició: | 1a. ed |
| Col·lecció: | Monografías
|
| Matèries: | |
| Etiquetes: |
Afegir etiqueta
Sense etiquetes, Sigues el primer a etiquetar aquest registre!
|
MARC
| LEADER | 00000cam a2200000 a 4500 | ||
|---|---|---|---|
| 001 | UCC7196 | ||
| 003 | CL-VaPUC | ||
| 008 | 190308e20170000sp |||||||||||||||||spa|d | ||
| 020 | |a 9788491438281 | ||
| 082 | 0 | 4 | |a 340.5 |b CUE |2 21 |
| 100 | 0 | |a Cuesta, José Luis de la |e author |9 601728 | |
| 700 | 0 | |a Subijana, Ignacio José |e author |9 601729 | |
| 700 | 0 | |a Soleto, Helena |e author |9 601730 | |
| 700 | 0 | |a Varona, Gema |e author |9 601731 | |
| 700 | 0 | |a Porres, Izaskun |e author |9 601732 | |
| 245 | 1 | 0 | |a Justicia restaurativa y terapéutica: hacia innovadores modelos de justicia |
| 250 | |a 1a. ed | ||
| 300 | |a 605 p | ||
| 942 | |c BK | ||
| 945 | |d 20190308 12:55:00 |a dcastane | ||
| 260 | |a Valencia |b Tirant Lo Blanch |c 2017 | ||
| 650 | 0 | |a Arbitraje |9 328491 | |
| 650 | 0 | |a Conflictos |9 332195 | |
| 583 | |a last modification |c 20190308 12:55:00 |k Rodrigo Vera | ||
| 490 | 0 | |a Monografías | |
| 999 | |c 373905 |d 373903 | ||
| 952 | |0 0 |1 0 |3 erb |4 0 |6 340_500000000000000_CUE_2017 |7 0 |8 A |9 492183 |a BIBDER |b BIBDER |i 5535107 |l 3 |m 3 |o 340.5 CUE 2017 |p 5535107 |r 2024-11-11 |s 2024-10-28 |w 2019-11-24 |y BK |z Catalogado en:20190308 |k DER | ||